00940nam a22002411 45000010005000000030008000050050017000130080039000300350018000690400036000870410008001230820024001312450146001552600031003013000052003325040030003846500029004147000039004437100047004829420012005299990015005419520142005568209BD-RjUL20211208234537.014 s1964 nyuac b 001 0 eng a(BD-RjUL)8254 aDLC/ICUcICUdDLCdBD-RjULbeng aeng00a530.1216bENE 196410aEnergy does matter /cby scientists of the Westinghouse Research Laboratories: Werner Emmerich [and others] Sharon Banigan, executive editor. aNew York :bWalker,cc1964 axv, 250 p. :billus., ports., diagrs. ;c24 cm. aBibliography: p. 239-240. 0aForce and energy.9255651 aEmmerich, Werner...[et al].9255662 aWestinghouse Research Laboratories.922597 2ddccBK c8209d8209 00102ddc40718NFICaRUCLbRUCLcreadingd1966-07-01eAsia Foundation Giftl0o530.1 ENE 1964r2014-01-18 00:00:00tC-1w2014-01-18yBK